| 000 | 00960nam a2200301 a 4500 | ||
|---|---|---|---|
| 001 | 000009138 | ||
| 003 | DO-SdBNP | ||
| 005 | 20260302080342.0 | ||
| 007 | ta | ||
| 008 | 090928s1969 dr 000 p spa d | ||
| 040 |
_aDO-SdBNP _bspa _cBNPHU |
||
| 082 | 4 |
_aRD861.3 _bA414d, 1969 _222 |
|
| 100 | 1 |
_aAlix, Juan Antonio, _d1833-1918 _911349 |
|
| 245 | 1 | 0 |
_aDécimas / _cJuan Antonio Alix ; selección y prólogo de Joaquín Balaguer. |
| 250 | _a3a. ed. | ||
| 260 |
_aSanto Domingo : _bLibrería Dominicana, _c1969. |
||
| 300 |
_a2v. ; _c19 cm. |
||
| 490 | 0 | _aEstudios | |
| 500 | _aIncluye notas al pie de las páginas. | ||
| 590 | _aInventariado, 2020/MFF | ||
| 650 | 4 |
_aPoesía dominicana _966 |
|
| 650 | 4 |
_aLiteratura dominicana. _967 |
|
| 650 | 0 |
_aFolclore _zRepública Dominicana _933448 |
|
| 700 | 1 |
_a Balaguer, Joaquín, _d1906-2002 _e1906-2000 _976556 |
|
| 830 | 0 |
_aEstudios _93854 |
|
| 910 | _aValidado. Control de calidad MFF | ||
| 942 |
_2ddc _cLBS1 |
||
| 999 |
_c8902 _d8902 |
||